[Event "PulaOpen19"]
[Site "Pula, Hotel Park Plaza Histri"]
[Date "2019.06.23"]
[Round "2.1"]
[White "Roorda, Thijs"]
[Black "Saric, Ante"]
[Result "0-1"]
[WhiteElo "2111"]
[BlackElo "2542"]
[PlyCount "54"]
[EventDate "2019.??.??"]

1. d4 Nf6 2. Nf3 d5 3. g3 c6 4. Bg2 g6 5. O-O Bg7 6. c4 dxc4 7. a4 Ne4 8. Na3
c3 9. bxc3 Nxc3 10. Qc2 Nd5 11. Rd1 O-O 12. Nc4 Nb4 13. Qb1 a5 14. e4 Bg4 15.
Be3 Nd7 16. Ra3 b6 17. h3 Bxf3 18. Bxf3 Qc7 19. e5 Rad8 20. Qe4 c5 21. Rc1 cxd4
22. Bxd4 Nc5 23. Bxc5 Qxc5 24. Qe3 Qxe3 25. fxe3 Nd3 26. Rf1 Nxe5 27. Nxb6 Rd6
0-1

[Event "PulaOpen19"]
[Site "Pula, Hotel Park Plaza Histri"]
[Date "2019.06.23"]
[Round "2.2"]
[White "Zelcic, Robert"]
[Black "Braggaar, Leonore"]
[Result "1-0"]
[WhiteElo "2518"]
[BlackElo "2103"]
[PlyCount "75"]
[EventDate "2019.??.??"]

1. d4 d5 2. Nc3 Nf6 3. Bg5 Nbd7 4. Nf3 c6 5. Qd3 g6 6. h4 Bg7 7. h5 Nxh5 8. g4
Nhf6 9. Bh3 Nf8 10. Ne5 Ne6 11. Be3 Nd7 12. f4 Nxe5 13. fxe5 f6 14. exf6 exf6
15. Bg2 Nf8 16. Bf3 Be6 17. Bf4 g5 18. Bh2 Ng6 19. Bg3 O-O 20. O-O-O f5 21.
gxf5 Bxf5 22. e4 dxe4 23. Nxe4 g4 24. Bg2 Qd7 25. Qb3+ Be6 26. Nc5 Bxb3 27.
Nxd7 Rf7 28. axb3 Rxd7 29. c3 Bf6 30. Be4 Rg7 31. Rdf1 Bg5+ 32. Kb1 Ne7 33. Be5
Rf7 34. Rfg1 Ng6 35. Bxg6 hxg6 36. Rxg4 Bf6 37. Rxg6+ Bg7 38. Rhg1 1-0

[Event "PulaOpen19"]
[Site "Pula, Hotel Park Plaza Histri"]
[Date "2019.06.23"]
[Round "2.3"]
[White "Kravec, Patrik"]
[Black "Jovanovic, Zoran"]
[Result "0-1"]
[WhiteElo "2108"]
[BlackElo "2503"]
[PlyCount "100"]
[EventDate "2019.??.??"]

1. d4 g6 2. e4 Bg7 3. Nc3 c6 4. a4 d5 5. Nf3 dxe4 6. Nxe4 Nf6 7. Nxf6+ exf6 8.
Be2 O-O 9. O-O a5 10. Be3 Na6 11. Qd2 Nb4 12. c4 Re8 13. Rfd1 Bf5 14. Ne1 Qd7
15. Nd3 Bxd3 16. Bxd3 f5 17. Be2 f4 18. Bxf4 Qxd4 19. Qxd4 Bxd4 20. Rd2 Re6 21.
Kf1 Rae8 22. Bg3 Be5 23. Bxe5 Rxe5 24. Bf3 Na6 25. b3 Nc5 26. Rb2 Nd3 27. Re2
Kf8 28. Rb1 Rxe2 29. Bxe2 Nc5 30. Rb2 Rd8 31. Ke1 Ke7 32. Rb1 Rd4 33. Bd1 Nd3+
34. Ke2 Nb4 35. Rb2 Kd6 36. Rd2 Kc5 37. Rxd4 Kxd4 38. Kd2 g5 39. Bc2 h6 40. Bf5
Na6 41. Kc2 Nc5 42. Bh7 Nd7 43. Bf5 Ne5 44. h3 f6 45. Kd2 Nf7 46. Bb1 Nd6 47.
Bd3 f5 48. Bb1 f4 49. Bg6 Ne4+ 50. Ke2 Nc5 0-1

[Event "PulaOpen19"]
[Site "Pula, Hotel Park Plaza Histri"]
[Date "2019.06.23"]
[Round "2.4"]
[White "Tratar, Marko"]
[Black "Bucher, Grant W"]
[Result "1/2-1/2"]
[WhiteElo "2463"]
[BlackElo "2098"]
[PlyCount "84"]
[EventDate "2019.??.??"]

1. c4 b6 2. d4 Bb7 3. Nf3 f5 4. g3 Nf6 5. Bg2 g6 6. O-O Bg7 7. Nc3 O-O 8. Qc2
Na6 9. a3 e6 10. b4 c5 11. dxc5 bxc5 12. b5 Nc7 13. Bb2 d6 14. Rad1 Qe7 15. Ne1
Bxg2 16. Nxg2 d5 17. cxd5 exd5 18. Nf4 Rfd8 19. Na4 c4 20. b6 axb6 21. Nxb6 Ra5
22. Bc3 Rb5 23. Bxf6 Bxf6 24. Rb1 Qc5 25. Na4 Qxa3 26. Rxb5 Nxb5 27. Nxd5 Rxd5
28. Qxc4 Nc7 29. Rd1 Qd6 30. Rxd5 Qxd5 31. Qxc7 Qd1+ 32. Kg2 Qxa4 33. e3 Qe4+
34. Kg1 Qe7 35. Qc4+ Kg7 36. h4 h5 37. Qa4 Be5 38. Qc6 Bxg3 39. fxg3 Qxe3+ 40.
Kh2 Qe2+ 41. Kg1 Qe1+ 42. Kh2 Qf2+ 1/2-1/2

[Event "PulaOpen19"]
[Site "Pula, Hotel Park Plaza Histri"]
[Date "2019.06.23"]
[Round "2.5"]
[White "Mihalic, Goran"]
[Black "Fercec, Nenad"]
[Result "0-1"]
[WhiteElo "2102"]
[BlackElo "2446"]
[PlyCount "178"]
[EventDate "2019.??.??"]

1. c4 e5 2. Nc3 Nf6 3. g3 d5 4. cxd5 Nxd5 5. Bg2 Nb6 6. d3 Be7 7. Nf3 Nc6 8.
O-O O-O 9. a3 Bg4 10. Be3 f5 11. Rc1 Kh8 12. Na4 Nd5 13. Bc5 b6 14. Bxe7 Ndxe7
15. Re1 Qd6 16. Qc2 Rad8 17. Qc4 Bh5 18. Nc3 h6 19. Nb5 Qd7 20. Nh4 Rf6 21. Qa4
a5 22. Qc2 Be8 23. Qc3 Rc8 24. Rc2 Nd4 25. Nxd4 exd4 26. Qd2 c5 27. b4 axb4 28.
axb4 Nd5 29. bxc5 bxc5 30. Bxd5 Qxd5 31. Rec1 Ba4 32. Rb2 Bc6 33. f3 g5 34. Ng2
Re6 35. Qa5 Re5 36. Qa2 Qd6 37. Qa7 Rce8 38. Kf1 Qe6 39. Rxc5 Rxe2 40. Rxc6
Qxc6 41. Qxd4+ R2e5 42. f4 Qc5 43. Qxc5 Rxc5 44. fxg5 hxg5 45. h4 g4 46. Nf4
Rec8 47. Rb7 R5c7 48. Rb5 Rc1+ 49. Kf2 R1c5 50. Rb7 R5c7 51. Rb5 Rf7 52. Re5
Rc1 53. Ke3 Rf1 54. Ke2 Rf3 55. Nh5 Kh7 56. Re3 Kh6 57. Nf4 Rxe3+ 58. Kxe3 Re7+
59. Kf2 Re8 60. d4 Kg7 61. d5 Kf6 62. h5 Re7 63. Kf1 Re8 64. Kf2 Ra8 65. Ke3
Ra3+ 66. Kf2 Ra6 67. Ke3 Ke5 68. Nd3+ Kf6 69. Nf4 Ra1 70. Kf2 Ke5 71. h6 Rh1
72. Ng6+ Kf6 73. Nh4 Ra1 74. Ke3 Ra3+ 75. Kd4 Ra4+ 76. Ke3 Ra7 77. Kf4 Ra4+ 78.
Ke3 Re4+ 79. Kd3 Re8 80. Kd4 Rh8 81. Kc5 f4 82. gxf4 Rxh6 83. Ng2 g3 84. Ne3
Rg6 85. Ng2 Rh6 86. Ne3 Rh2 87. d6 g2 88. d7 Ke7 89. Kc6 g1=Q 0-1

[Event "PulaOpen19"]
[Site "Pula, Hotel Park Plaza Histri"]
[Date "2019.06.23"]
[Round "2.8"]
[White "Zufic, Miroslav"]
[Black "Grant, David J"]
[Result "1-0"]
[WhiteElo "2380"]
[BlackElo "2082"]
[PlyCount "59"]
[EventDate "2019.??.??"]

1. e4 c5 2. Nf3 d6 3. d4 cxd4 4. Nxd4 Nf6 5. Nc3 g6 6. Be3 Bg7 7. f3 Nc6 8. Qd2
O-O 9. O-O-O d5 10. exd5 Nxd5 11. Nxc6 bxc6 12. Bd4 e5 13. Bc5 Be6 14. Ne4 Re8
15. Bc4 Qc7 16. h4 h6 17. g4 Red8 18. g5 h5 19. Kb1 Rab8 20. Bb3 Nf4 21. Qe3
Qa5 22. Be7 Rxd1+ 23. Rxd1 Bxb3 24. axb3 Nd5 25. Qc5 Qa6 26. c4 Nb4 27. Qxb4
Rxb4 28. Rd8+ Kh7 29. Nf6+ Bxf6 30. Bxf6 1-0

[Event "PulaOpen19"]
[Site "Pula, Hotel Park Plaza Histri"]
[Date "2019.06.23"]
[Round "2.10"]
[White "Filipovic, Branko"]
[Black "Brilej, Jaka"]
[Result "1-0"]
[WhiteElo "2371"]
[BlackElo "2064"]
[PlyCount "151"]
[EventDate "2019.??.??"]

1. e4 c5 2. Nf3 Nc6 3. c3 Nf6 4. e5 Nd5 5. d4 cxd4 6. Bc4 e6 7. cxd4 d6 8. O-O
Be7 9. Bd2 O-O 10. Nc3 Nxc3 11. Bxc3 Bd7 12. Qe2 Qb6 13. a3 Rad8 14. Bd3 f6 15.
exf6 Bxf6 16. Qe4 g6 17. d5 exd5 18. Qxd5+ Kg7 19. Bxf6+ Rxf6 20. Rae1 Rdf8 21.
Qb5 Ne5 22. Qxb6 Nxf3+ 23. gxf3 axb6 24. Re7+ R8f7 25. Rfe1 Bc6 26. Bc4 d5 27.
Rxf7+ Rxf7 28. Be2 Re7 29. Kf1 Bd7 30. Rd1 Bc6 31. Rd4 Rd7 32. f4 Rd6 33. Ke1
Kf6 34. Kd2 Re6 35. Bd3 Ke7 36. Rb4 Rf6 37. f5 gxf5 38. Rxb6 Kd6 39. Rb4 Ke5
40. Rh4 h6 41. f4+ Kd4 42. Rh3 Bd7 43. Bc2 Bb5 44. Rb3 Ba6 45. Rb4+ Kc5 46. Kc3
b5 47. Rd4 Bc8 48. Rd3 Rg6 49. b4+ Kd6 50. Rh3 Be6 51. Bd3 Bd7 52. Rh5 Rf6 53.
Kd4 Kc6 54. Ke5 Re6+ 55. Kd4 Rf6 56. Be2 Kd6 57. Rh3 Rg6 58. Rg3 Rxg3 59. hxg3
Be8 60. Bf3 Bf7 61. Bg2 Be6 62. Bf1 Bd7 63. Bd3 h5 64. Bc2 Be6 65. a4 bxa4 66.
Bxa4 Bf7 67. Bc2 Be6 68. Bd1 Bf7 69. Bf3 Kc6 70. Ke5 Bg8 71. Bxh5 Kb5 72. Kd4
Kxb4 73. Bf3 Bf7 74. Bxd5 Bh5 75. Be6 Bg4 76. Ke5 1-0

[Event "PulaOpen19"]
[Site "Pula, Hotel Park Plaza Histri"]
[Date "2019.06.23"]
[Round "2.12"]
[White "Jelen, Igor"]
[Black "Mrkaljevic, Jakub"]
[Result "1-0"]
[WhiteElo "2353"]
[BlackElo "2046"]
[PlyCount "121"]
[EventDate "2019.??.??"]

1. d4 d5 2. c4 c6 3. Nf3 Nf6 4. e3 Bg4 5. h3 Bh5 6. g4 Bg6 7. Ne5 Nbd7 8. Nxg6
hxg6 9. Bg2 e6 10. Qb3 Qb6 11. Qc2 Bb4+ 12. Bd2 Rd8 13. O-O e5 14. c5 Qa5 15.
Bxb4 Qxb4 16. a3 Qa5 17. f4 exd4 18. exd4 O-O 19. Nc3 Rfe8 20. f5 g5 21. Qd2
Nh7 22. Rfe1 Qc7 23. Re3 Rxe3 24. Qxe3 Ndf6 25. b4 Re8 26. Qf2 Qe7 27. Rc1 Kf8
28. b5 Qc7 29. bxc6 bxc6 30. Rb1 Rb8 31. Qe3 Rxb1+ 32. Nxb1 Qb8 33. Nd2 Qe8 34.
Kf2 Qxe3+ 35. Kxe3 Ke7 36. Bf1 Kd7 37. Nf3 Kc7 38. Ne5 Ne4 39. Nxf7 Nhf6 40.
Bd3 a5 41. Ne5 Nc3 42. Nf3 Nce4 43. Bc2 Kb7 44. Ne5 Nc3 45. Ng6 a4 46. Nf8 Nb5
47. Ne6 Nxa3 48. Bxa4 Nc4+ 49. Kf3 Nd2+ 50. Kg2 Nfe4 51. Nxg7 Nf6 52. Ne6 Nde4
53. Bc2 Kc8 54. Bxe4 Nxe4 55. h4 gxh4 56. Kh3 Kd7 57. Kxh4 Ke7 58. Nf4 Nd2 59.
Ng6+ Kf6 60. Ne5 Nb3 61. Nxc6 1-0

[Event "PulaOpen19"]
[Site "Pula, Hotel Park Plaza Histri"]
[Date "2019.06.24"]
[Round "3.1"]
[White "Saric, Ante"]
[Black "Bozinovic, Bogdan"]
[Result "1-0"]
[WhiteElo "2542"]
[BlackElo "2194"]
[PlyCount "45"]
[EventDate "2019.??.??"]

1. g3 Nf6 2. Bg2 e5 3. c4 c6 4. Nf3 e4 5. Nd4 d5 6. d3 exd3 7. cxd5 Bb4+ 8. Nc3
Nxd5 9. Qxd3 O-O 10. O-O Nc7 11. Rd1 Nba6 12. Qc2 Qe7 13. a3 Bxc3 14. bxc3 c5
15. Nb3 Ne6 16. Na5 Qc7 17. Nc4 Bd7 18. Ne3 Rae8 19. Nd5 Qc8 20. Be3 Nac7 21.
c4 b5 22. Rab1 bxc4 23. Nxc7 1-0

[Event "PulaOpen19"]
[Site "Pula, Hotel Park Plaza Histri"]
[Date "2019.06.24"]
[Round "3.2"]
[White "Suta, Andraz"]
[Black "Zelcic, Robert"]
[Result "1-0"]
[WhiteElo "2195"]
[BlackElo "2518"]
[PlyCount "109"]
[EventDate "2019.??.??"]

1. e4 c5 2. Nf3 Nc6 3. d4 cxd4 4. Nxd4 e5 5. Nb5 d6 6. N1c3 a6 7. Na3 b5 8. Nd5
Nge7 9. c4 Nd4 10. cxb5 Nxd5 11. exd5 Bd7 12. bxa6 Qa5+ 13. Bd2 Qxd5 14. Nc4
Qe4+ 15. Ne3 Be7 16. Bc3 O-O 17. Bd3 Qh4 18. O-O Nb5 19. Bd2 Nc7 20. Rc1 Nxa6
21. Nd5 Bg5 22. Nb6 Bg4 23. Be2 Bxd2 24. Qxd2 Rab8 25. Rc4 Rxb6 26. Rxg4 Qd8
27. Qh6 g6 28. Rh4 Re8 29. Qxh7+ Kf8 30. Qh6+ Ke7 31. Ra4 Nc7 32. Rc1 Qb8 33.
Qg5+ Kf8 34. Rh4 Kg7 35. Qh6+ Kf6 36. Rh3 Ne6 37. Qh4+ g5 38. Qh6+ Ke7 39. Rf3
Rf8 40. Qf6+ Kd7 41. Bd1 Rb4 42. a3 Rd4 43. b4 Qa8 44. Be2 Qd5 45. Rfc3 Rf4 46.
Qh6 Rh4 47. Qf6 Rf4 48. Qh6 Rh4 49. Rc7+ Nxc7 50. Qxf8 Rf4 51. Qb8 Ne6 52. Qa7+
Kd8 53. Ba6 Ke8 54. Rc8+ Nd8 55. Qc7 1-0

[Event "PulaOpen19"]
[Site "Pula, Hotel Park Plaza Histri"]
[Date "2019.06.24"]
[Round "3.5"]
[White "Grishchenko, Sergey"]
[Black "Van der Steen, Jan-Aart"]
[Result "1/2-1/2"]
[WhiteElo "2411"]
[BlackElo "2150"]
[PlyCount "112"]
[EventDate "2019.??.??"]

1. d4 Nf6 2. c4 g6 3. Nc3 Bg7 4. e4 d6 5. h3 O-O 6. Be3 c5 7. Nf3 cxd4 8. Nxd4
b6 9. Bd3 Bb7 10. O-O Nbd7 11. Qd2 Nc5 12. f3 e6 13. Bc2 Qe7 14. Bg5 Rfd8 15.
Rfe1 Qf8 16. Rad1 h6 17. Be3 Rac8 18. b3 Nh5 19. Nde2 Nf6 20. Nd4 Nh5 21. Ndb5
a6 22. Nd4 d5 23. cxd5 exd5 24. g4 dxe4 25. gxh5 Ne6 26. Qf2 Rxc3 27. Nxe6 fxe6
28. Bxe4 Rxd1 29. Rxd1 Bxe4 30. fxe4 Qxf2+ 31. Kxf2 Rc2+ 32. Kf3 gxh5 33. Rd8+
Kf7 34. Rd7+ Kf8 35. Bxb6 Be5 36. Bd4 Bxd4 37. Rxd4 Rxa2 38. Rd7 e5 39. Rb7 Rh2
40. Kg3 Re2 41. Rb4 a5 42. Ra4 Kf7 43. Kh4 Kg6 44. Rc4 Re3 45. Ra4 Kf6 46. Rc4
Rxb3 47. Rc6+ Kf7 48. Ra6 Ra3 49. Kxh5 Rxh3+ 50. Kg4 Ra3 51. Rxh6 Ra1 52. Kf5
a4 53. Rh7+ Kg8 54. Ra7 a3 55. Kxe5 a2 56. Ke6 Re1 1/2-1/2

[Event "PulaOpen19"]
[Site "Pula, Hotel Park Plaza Histri"]
[Date "2019.06.24"]
[Round "3.6"]
[White "Purgar, Ivona"]
[Black "Zufic, Miroslav"]
[Result "1/2-1/2"]
[WhiteElo "2194"]
[BlackElo "2380"]
[PlyCount "102"]
[EventDate "2019.??.??"]

1. e4 c5 2. Nf3 Nc6 3. d4 cxd4 4. Nxd4 Qb6 5. Nb3 Nf6 6. Nc3 e6 7. Be3 Qc7 8.
a3 a6 9. Be2 b5 10. O-O d6 11. f4 Be7 12. Bf3 Bb7 13. Qe2 Nd7 14. Rad1 Nb6 15.
f5 Nc4 16. fxe6 fxe6 17. Bh5+ g6 18. Bg4 Bc8 19. Bc1 Bd7 20. Kh1 N4e5 21. Bh3
Nf7 22. Bf4 Nce5 23. Nd4 Qc8 24. Rf2 O-O 25. Rdf1 Re8 26. Nd1 Bf8 27. Ne3 Bg7
28. c3 Rb8 29. Nf3 Qc5 30. Bxe5 Nxe5 31. Nxe5 Qxe5 32. Ng4 Qg5 33. Nf6+ Bxf6
34. Rxf6 Qe5 35. Qf3 Rbd8 36. Bg4 Qg5 37. Bxe6+ Rxe6 38. Rf8+ Kg7 39. Rf7+ Kh6
40. Rxd7 Rxd7 41. Qh3+ Qh5 42. Qxe6 Qe2 43. Qh3+ Kg5 44. Qg3+ Kh6 45. Qf4+ g5
46. Qf6+ Kh5 47. Qf5 Re7 48. Qh3+ Kg6 49. Qf5+ Kh5 50. Qh3+ Kg6 51. Qf5+ Kh5
1/2-1/2

[Event "PulaOpen19"]
[Site "Pula, Hotel Park Plaza Histri"]
[Date "2019.06.24"]
[Round "3.7"]
[White "Bochnicka, Vladimir"]
[Black "Filipovic, Branko"]
[Result "0-1"]
[WhiteElo "2169"]
[BlackElo "2371"]
[PlyCount "118"]
[EventDate "2019.??.??"]

1. e4 d5 2. exd5 Nf6 3. d4 Bg4 4. Be2 Bxe2 5. Qxe2 Qxd5 6. Nf3 e6 7. O-O Bd6 8.
c4 Qh5 9. Nc3 Nc6 10. Be3 O-O 11. h3 Rfe8 12. Rfe1 a6 13. a3 Rab8 14. Rac1 b5
15. b4 bxc4 16. Qxc4 Ne7 17. Bg5 Ra8 18. Bxf6 gxf6 19. Ne4 Qh6 20. Nc5 Kh8 21.
Re4 Rg8 22. Rh4 Qg6 23. Ne1 f5 24. Kh1 Nd5 25. Ncd3 a5 26. Ne5 Qg7 27. Qe2 axb4
28. axb4 Bxe5 29. dxe5 Qg5 30. Qh5 Qxh5 31. Rxh5 Ra2 32. Nd3 Rd2 33. Nc5 Rxf2
34. Rg1 Nxb4 35. g4 fxg4 36. Ne4 Rf5 37. Rxf5 exf5 38. Nf6 Rg6 39. hxg4 fxg4
40. Rc1 Nd3 41. Rxc7 Nxe5 42. Nh5 h6 43. Re7 Re6 44. Rxe6 fxe6 45. Nf4 Kg7 46.
Nxe6+ Kf6 47. Nd4 Nf3 48. Ne2 Kg5 49. Kg2 h5 50. Ng3 h4 51. Ne4+ Kf4 52. Nf6
h3+ 53. Kh1 Ng5 54. Nh5+ Kf3 55. Ng7 Ne4 56. Ne6 Nf2+ 57. Kg1 h2+ 58. Kxh2 g3+
59. Kg1 Nh3+ 0-1

[Event "PulaOpen19"]
[Site "Pula, Hotel Park Plaza Histri"]
[Date "2019.06.24"]
[Round "4.4"]
[White "Filipovic, Branko"]
[Black "Tisaj, Domen"]
[Result "1/2-1/2"]
[WhiteElo "2371"]
[BlackElo "2232"]
[PlyCount "91"]
[EventDate "2019.??.??"]

1. e4 c5 2. Nf3 Nc6 3. c3 Nf6 4. e5 Nd5 5. Bc4 Nb6 6. Bb3 d5 7. exd6 Qxd6 8. d4
cxd4 9. Na3 Be6 10. Nb5 Qd7 11. Bxe6 Qxe6+ 12. Be3 Qd7 13. Nbxd4 e6 14. O-O Be7
15. Nxc6 Qxc6 16. Qe2 Bf6 17. Bd4 Bxd4 18. Nxd4 Qc4 19. Qf3 Qd5 20. Rfd1 Qxf3
21. Nxf3 Rc8 22. a4 Ke7 23. a5 Nd5 24. a6 b6 25. Nd4 Rc5 26. g3 Rd8 27. Rd3 Ke8
28. f4 Nc7 29. Re3 Nb5 30. Nb3 Rcd5 31. Ree1 g6 32. Kf2 Rd3 33. Re5 Nd6 34. Nd4
Nf5 35. Nc6 R8d7 36. Re2 R3d6 37. Ne5 Rd8 38. Ra4 Ne7 39. Nc4 Rd1 40. Na3 R8d5
41. Nc2 R1d2 42. Nd4 Rxe2+ 43. Kxe2 Kd7 44. b4 e5 45. fxe5 Rxe5+ 46. Kd3
1/2-1/2

[Event "PulaOpen19"]
[Site "Pula, Hotel Park Plaza Histri"]
[Date "2019.06.25"]
[Round "5.4"]
[White "Cumming, Rhys"]
[Black "Tratar, Marko"]
[Result "0-1"]
[WhiteElo "2253"]
[BlackElo "2463"]
[PlyCount "154"]
[EventDate "2019.??.??"]

1. d4 Nf6 2. c4 c5 3. d5 e5 4. Nc3 d6 5. e4 Nbd7 6. g3 g6 7. Bg2 a6 8. a4 Bg7
9. Nh3 O-O 10. O-O Ne8 11. Be3 b6 12. Qd2 Nc7 13. Bh6 Rb8 14. Bxg7 Kxg7 15. Qd3
Nf6 16. f4 Qe7 17. Ng5 Nh5 18. Qd2 f6 19. Nf3 b5 20. axb5 axb5 21. Ra7 bxc4 22.
fxe5 fxe5 23. Nxe5 Rxf1+ 24. Bxf1 Qxe5 25. Rxc7+ Kg8 26. Bxc4 Bg4 27. Be2 Bxe2
28. Qxe2 Nf6 29. Ra7 Re8 30. Ra4 Rf8 31. Kg2 h5 32. Nd1 Re8 33. Nf2 Qxd5 34.
Qc4 Qxc4 35. Rxc4 Rb8 36. Rc2 Rb4 37. Rd2 Rb6 38. Kf3 Nd7 39. Nd3 Kf7 40. Nf4
Ne5+ 41. Ke2 Nc4 42. Rc2 Rxb2 43. Rxb2 Nxb2 44. h3 Nc4 45. g4 hxg4 46. hxg4 Kf6
47. Nh3 Ke5 48. Kd3 Nb2+ 49. Kc3 Na4+ 50. Kd3 Nb6 51. Ke3 Nd7 52. Ng1 Nf6 53.
Nf3+ Ke6 54. Kf4 Nd7 55. g5 Nf8 56. Ke3 Nd7 57. Nh4 Ne5 58. Kd2 Kd7 59. Kc3 Kc6
60. Kb3 Kb5 61. Kc3 Ka4 62. Ng2 Kb5 63. Nf4 Kc6 64. Kb3 Nf3 65. Nxg6 Nd2+ 66.
Ka4 Nxe4 67. Ne7+ Kd7 68. Nd5 Nxg5 69. Kb5 Nf3 70. Nb6+ Ke6 71. Kc4 Ne5+ 72.
Kb5 Nd7 73. Nc8 d5 74. Na7 Ke5 75. Kc6 d4 76. Nb5 c4 77. Kxd7 c3 0-1

[Event "PulaOpen19"]
[Site "Pula, Hotel Park Plaza Histri"]
[Date "2019.06.25"]
[Round "5.10"]
[White "Jurman, Pjerino"]
[Black "Zelcic, Robert"]
[Result "0-1"]
[WhiteElo "1936"]
[BlackElo "2518"]
[PlyCount "146"]
[EventDate "2019.??.??"]

1. d4 Nf6 2. c4 e6 3. Nf3 c5 4. d5 b5 5. Nc3 b4 6. Na4 Bb7 7. Bg5 d6 8. e4 Nbd7
9. Bd3 Be7 10. Qd2 h6 11. Bf4 e5 12. Bg3 Nh5 13. b3 O-O 14. Nb2 Bc8 15. Nd1 f5
16. exf5 e4 17. Bxe4 Bf6 18. Rc1 Re8 19. Qc2 Qe7 20. Nd2 Bg5 21. f3 Ndf6 22.
O-O Nxg3 23. hxg3 Qe5 24. f4 Qd4+ 25. Nf2 Nxe4 26. Ndxe4 Bxf5 27. Rfe1 Bxe4 28.
Rxe4 Rxe4 29. Qxe4 Bf6 30. Rd1 Qc3 31. Kh2 Bd4 32. Qe6+ Kh8 33. Ne4 Qc2 34. Re1
Bc3 35. Rh1 Qe2 36. Qg6 Rd8 37. Qe6 Qh5+ 38. Qh3 Qxh3+ 39. Kxh3 Bd4 40. Kg4 Kg8
41. Re1 a5 42. Kh5 Kh7 43. f5 Be5 44. g4 a4 45. Nxc5 Bc3 46. Ne6 Ra8 47. Rb1
axb3 48. axb3 Ra2 49. g5 Rxg2 50. g6+ Kg8 51. Rh1 Be5 52. Rh3 Rg1 53. Re3 Bf6
54. Re2 Rh1+ 55. Kg4 h5+ 56. Kg3 Rb1 57. Nc5 Be5+ 58. Rxe5 dxe5 59. d6 Kf8 60.
Kh4 Rd1 61. Ne6+ Kg8 62. c5 e4 63. Kxh5 e3 64. Nf4 Kf8 65. Kg4 Rd4 66. Kf3
Rxf4+ 67. Kxe3 Rxf5 68. Kd4 Ke8 69. c6 Rg5 70. Kc4 Rxg6 71. Kc5 Kd8 72. Kxb4
Rxd6 73. Kc5 Kc7 0-1

[Event "PulaOpen19"]
[Site "Pula, Hotel Park Plaza Histri"]
[Date "2019.06.26"]
[Round "6.14"]
[White "Filipovic, Branko"]
[Black "Sestic, Nermin"]
[Result "1-0"]
[WhiteElo "2371"]
[BlackElo "2149"]
[PlyCount "89"]
[EventDate "2019.??.??"]

1. e4 e6 2. f4 d5 3. e5 c5 4. Nf3 Nc6 5. c3 Qb6 6. Na3 a6 7. Nc2 Nge7 8. d3 h5
9. g3 Nf5 10. Bh3 g6 11. Qe2 Be7 12. O-O Bd7 13. Ng5 Qc7 14. Re1 b5 15. Qf2 c4
16. dxc4 bxc4 17. Nf3 Rb8 18. Bxf5 gxf5 19. h4 Qa5 20. Rd1 Bc5 21. Be3 Bxe3 22.
Nxe3 Ne7 23. Rd2 Nc8 24. Nd4 Nb6 25. Nd1 Na4 26. b4 Qb6 27. Rc1 Rg8 28. Ne3 Rg6
29. Kh2 Ke7 30. Ndxf5+ Kf8 31. Nd4 Qc7 32. Qf3 a5 33. a3 Nb6 34. Qxh5 Kg7 35.
Qf3 Rh8 36. Rg2 Kf8 37. Rf1 Rg7 38. Ng4 Bc8 39. Nf6 Nd7 40. Nxd7+ Bxd7 41. Rb1
axb4 42. axb4 Rgh7 43. Qf2 Ke7 44. Ra1 Rb8 45. Nf3 1-0

[Event "PulaOpen19"]
[Site "Pula, Hotel Park Plaza Histri"]
[Date "2019.06.28"]
[Round "8.2"]
[White "Zelcic, Robert"]
[Black "Jovanovic, Zoran"]
[Result "1-0"]
[WhiteElo "2518"]
[BlackElo "2503"]
[PlyCount "72"]
[EventDate "2019.??.??"]

1. e4 g6 2. d4 Bg7 3. Nc3 c6 4. Nf3 d5 5. h3 dxe4 6. Nxe4 Nf6 7. Nxf6+ exf6 8.
Be2 O-O 9. O-O Na6 10. Bf4 Nc7 11. Re1 b6 12. c3 Nd5 13. Bh2 Bh6 14. Nd2 Be6
15. Bf1 a5 16. Nf3 Qd7 17. c4 Nb4 18. a3 Na6 19. d5 cxd5 20. Nd4 a4 21. Nxe6
fxe6 22. cxd5 exd5 23. Bc4 Rfd8 24. Bxd5+ Qxd5 25. Re8+ Rxe8 26. Qxd5+ Kh8 27.
Bd6 Nc5 28. Be7 Bg7 29. Re1 f5 30. Re2 Ne4 31. g4 Rac8 32. Qd7 Ra8 33. Kf1 Rab8
34. h4 Nc5 35. Bxc5 Rxe2 36. Bd4 Re5 1-0

[Event "PulaOpen19"]
[Site "Pula, Hotel Park Plaza Histri"]
[Date "2019.06.28"]
[Round "8.3"]
[White "Berezjuk, Sergej"]
[Black "Kyc, Jerzy"]
[Result "0-1"]
[WhiteElo "2411"]
[BlackElo "2279"]
[PlyCount "84"]
[EventDate "2019.??.??"]

1. Nf3 Nf6 2. c4 g6 3. Nc3 Bg7 4. g3 O-O 5. Bg2 c5 6. d4 cxd4 7. Nxd4 Nc6 8.
O-O Qb6 9. Nc2 d6 10. Ne3 Be6 11. Rb1 Ne5 12. b3 Rfd8 13. Bb2 Rac8 14. a4 Neg4
15. Bc1 Qa5 16. Nb5 Nxe3 17. Bxe3 d5 18. c5 Bf5 19. Bd2 Qa6 20. Rc1 Ne4 21. Bb4
d4 22. Qe1 h5 23. h3 Ng5 24. Qd2 Bh6 25. f4 Ne4 26. Qe1 Qe6 27. Rc4 Bg7 28.
Nxa7 Ra8 29. Nb5 Rd7 30. Kh2 Rxa4 31. g4 hxg4 32. hxg4 Bxg4 33. bxa4 Qxc4 34.
Bxe4 Bxe2 35. Na3 Qa6 36. Rf2 d3 37. Nb5 Qxa4 38. c6 bxc6 39. Bxc6 Rd8 40. Qd2
Rc8 41. Nd4 Qa7 42. Rxe2 dxe2 0-1

[Event "PulaOpen19"]
[Site "Pula, Hotel Park Plaza Histri"]
[Date "2019.06.28"]
[Round "8.4"]
[White "Petran, Peter"]
[Black "Beletic, Daniel"]
[Result "0-1"]
[WhiteElo "2246"]
[BlackElo "2380"]
[PlyCount "56"]
[EventDate "2019.??.??"]

1. g3 e5 2. c4 Nc6 3. Bg2 Nf6 4. Nc3 Bc5 5. e3 d5 6. Nxd5 Nxd5 7. cxd5 Nb4 8.
Ne2 Nd3+ 9. Kf1 Qf6 10. f3 O-O 11. Nc3 Bf5 12. Qe2 e4 13. Kg1 exf3 14. Bxf3
Rfe8 15. Qf1 Qh6 16. g4 Qg6 17. h3 h5 18. Rh2 Ne5 19. Rg2 hxg4 20. hxg4 Bd3 21.
Be2 Rad8 22. Bxd3 Nxd3 23. Qf5 Qa6 24. Ne4 Qc4 25. Ng5 Qxd5 26. Qxd5 Rxd5 27.
Nf3 Bb6 28. Kf1 Rc5 0-1

[Event "PulaOpen19"]
[Site "Pula, Hotel Park Plaza Histri"]
[Date "2019.06.28"]
[Round "8.12"]
[White "Bochnickova, Andrea"]
[Black "Zufic, Miroslav"]
[Result "0-1"]
[WhiteElo "2122"]
[BlackElo "2380"]
[PlyCount "78"]
[EventDate "2019.??.??"]

1. e4 c5 2. Nf3 a6 3. c4 e6 4. Nc3 Qc7 5. d4 cxd4 6. Nxd4 b6 7. Be3 Bb7 8. f3
d6 9. Be2 Nf6 10. Rc1 Be7 11. O-O O-O 12. a3 Nbd7 13. b4 Rac8 14. Qd2 Qb8 15.
Rfd1 Bd8 16. Nb3 Bc7 17. g3 Rfe8 18. Bf1 h6 19. Qf2 Ne5 20. Be2 Bc6 21. h3 Ned7
22. Kg2 Bb7 23. h4 d5 24. cxd5 exd5 25. Nxd5 Nxd5 26. exd5 Nf6 27. Bd4 Bxg3 28.
Rxc8 Bxc8 29. Qxg3 Rxe2+ 30. Bf2 Qb7 31. d6 Qd7 32. Kf1 Rb2 33. Nd4 Qa4 34. Rc1
Bd7 35. Kg1 Qxa3 36. b5 Rxf2 37. Kxf2 Qxc1 38. bxa6 Qb2+ 39. Ne2 Bb5 0-1

[Event "PulaOpen19"]
[Site "Pula, Hotel Park Plaza Histri"]
[Date "2019.06.28"]
[Round "8.14"]
[White "Trkulja, Goran"]
[Black "Suta, Andraz"]
[Result "1-0"]
[WhiteElo "2299"]
[BlackElo "2195"]
[PlyCount "191"]
[EventDate "2019.??.??"]

1. d4 Nf6 2. Nf3 d5 3. Bf4 c5 4. e3 Nc6 5. c3 Qb6 6. Qb3 c4 7. Qc2 Bf5 8. Qc1
e6 9. h3 h6 10. Nbd2 Qd8 11. Be2 Bd6 12. Bxd6 Qxd6 13. b3 cxb3 14. axb3 O-O 15.
O-O Rfc8 16. c4 e5 17. c5 Qe7 18. dxe5 Nxe5 19. Nxe5 Qxe5 20. b4 a5 21. bxa5
Nd7 22. Nb3 d4 23. a6 bxa6 24. Bxa6 Rxa6 25. Rxa6 dxe3 26. Qxe3 Qxe3 27. fxe3
Bd3 28. Raa1 Bxf1 29. Kxf1 Kf8 30. Ke2 Rb8 31. Ra7 Ke8 32. c6 Ne5 33. Nd4 Rc8
34. Ra6 g6 35. e4 Ke7 36. Ke3 Kd6 37. Ra7 Nxc6 38. Nxc6 Rxc6 39. Rxf7 Ke5 40.
Rd7 Ra6 41. Rd5+ Ke6 42. Rb5 Kf6 43. h4 Ra2 44. g3 h5 45. Rb6+ Kf7 46. Kf3 Ra3+
47. Kf4 Ra5 48. Rb7+ Kf6 49. Rb6+ Kf7 50. Rd6 Rb5 51. Rd5 Rb3 52. Ke5 Ke7 53.
Ra5 Rb7 54. Rc5 Ra7 55. Kf4 Ra4 56. Rb5 Rc4 57. Kg5 Rc6 58. Rb7+ Kf8 59. e5 Ra6
60. Rd7 Re6 61. Rd5 Kf7 62. Kh6 Kf8 63. Rd6 Rxe5 64. Rxg6 Kf7 65. Rg5 Re6+ 66.
Kh7 Re3 67. Kh6 Re6+ 68. Kxh5 Ra6 69. Kg4 Ra4+ 70. Kh3 Rb4 71. h5 Ra4 72. g4
Rb4 73. h6 Rb6 74. Rg7+ Kf8 75. g5 Ra6 76. Kg4 Rb6 77. Kh5 Ra6 78. Rd7 Kg8 79.
g6 Ra5+ 80. Kg4 Ra8 81. Kf5 Rf8+ 82. Ke6 Re8+ 83. Kd6 Ra8 84. Ke7 Rb8 85. Rd8+
Rxd8 86. Kxd8 Kf8 87. Kd7 Kg8 88. Ke7 Kh8 89. g7+ Kg8 90. Kf6 Kh7 91. Kf7 Kxh6
92. g8=Q Kh5 93. Qg3 Kh6 94. Qg4 Kh7 95. Qg5 Kh8 96. Qh6# 1-0